El desierto rojo = Il deserto rosso /

Desierto rojo, el noveno de los 16 largometrajes dirigidos por Antonioni, tiene como protagonista a una mujer casada con un ingeniero y madre de un pequeño, quien busca encontrar un sentido y resolver su malestar existencial sobre el telón de fondo del austero paisaje industrial de la ciudad de Ráve...

Бүрэн тодорхойлолт

-д хадгалсан:
Номзүйн дэлгэрэнгүй
Үндсэн зохиолч: Antonioni, Michelangelo (realización)
Бусад зохиолчид: Antonioni, Michelangelo (guión) (guión), Guerra, Tonino (guión) (guión), Palma, Carlo Di (fotógrafo) (fotógrafo), Magrini, Gitt (vestuario) (vestuario), Roma, Eraldo Da (montaje) (montaje), Fusco, Giovanni (música) (música), Gelmetti, Vittorio (música) (música), Vitti, Monica (actuación) (actuación), Harris, Richard (actuación) (actuación), Chionetti, Carlo (actuación) (actuación)
Формат: Гулсуулах
Хэл сонгох:итали
Хэвлэсэн: Roma, Italia : París, Francia : Film Duemila : Federiz ; Francoriz, 1964
Цуврал:(Crónicas del Cine Italiano)
Нөхцлүүд:
Шошгууд: Шошго нэмэх
Шошго байхгүй, Энэхүү баримтыг шошголох эхний хүн болох!

MARC

LEADER 00000ngm^a2200000^a^4500
001 000312068
005 20250521000000.0
009 20260310113104.244
037 |a Acervo ITESO - Biblioteca 
041 |a ITA 
082 |a 850.  |b ANT 
100 |a Antonioni, Michelangelo  |e (realización) 
240 1 4 |a [El desierto rojo] 
245 1 3 |a El desierto rojo =  |b Il deserto rosso /  |c Realización de M. Antonioni. 
246 2 |a Título en México: Desierto rojo [salas de cine] 
246 2 |a Título en México: El desierto rojo [video y DVD] 
264 1 |a Roma, Italia :  |b Film Duemila :  |b Federiz ;  |a París, Francia :  |b Francoriz,  |c 1964 
264 2 |a México :  |b Zima Entertainment [distribución],  |c copyright fecha no identificada 
300 |a 1 DVD regiones 1 y 4 (113 min.) :  |b color 
336 |a imagen móvil bidimensional  |b tdi  |2 rdacontenido 
337 |a video  |b v  |2 rdamedio 
338 |a videodisco  |b vd  |2 rdasoporte 
440 1 |a (Crónicas del Cine Italiano) 
520 |a Desierto rojo, el noveno de los 16 largometrajes dirigidos por Antonioni, tiene como protagonista a una mujer casada con un ingeniero y madre de un pequeño, quien busca encontrar un sentido y resolver su malestar existencial sobre el telón de fondo del austero paisaje industrial de la ciudad de Rávena. 
520 |a Suplementos y características especiales: 1) Galería con diez fotografías del filme y 2-3) Pantallas de texto con sinopsis de la película y filmografías del director y los intérpretes Monica Vitti, Richard Harris (1930-2002) y Xenia Valderi. 
530 |a Existe una edición en formato audiovisual en VHS con el mismo título 
530 |a Existe una edición en formato impreso con el mismo título 
545 0 |a Michelangelo Antonioni (Ferrara, 1912 – Roma, 2007), cineasta italiano, director de una filmografía de gran belleza formal y densidad existencial, que busca expresar las inquietudes y angustias del mundo posterior a la Segunda Guerra Mundial. Inicia su carrera al lado de Roberto Rossellini, el padre del neorrealismo italiano, como uno de los guionistas de Un piloto regresa (1942) y asiste al director francés Marcel Carné en Criaturas de Satanás (1942). Alcanza el pleno reconocimiento internacional con La aventura (1960), La noche (1961, Oso de Oro a la mejor película en el Festival de Berlín) y El eclipse (1962), su llamada trilogía de la "incomunicabilità", término acuñado para describir la actitud de sus personajes burgueses. Incursiona en el cine a color con Desierto rojo (1964, León de Oro a la mejor película en el Festival de Venecia), protagonizada al igual que la trilogía precedente por la actriz Monica Vitti, y en el cine de habla inglesa con Blow Up/Deseo en una mañana de verano (1966, Gran Premio a la mejor película en Cannes). Segundo cineasta –después del francés Henri-Georges Clouzot- galardonado con los máximos premios en los tres principales festivales del mundo (Cannes, Berlín y Venecia), prosigue su filmografía con títulos como El pasajero (1975) e Identificación de una mujer (1982), antes de sufrir un derrame cerebral (1985) que le deja paralizado e incapaz de hablar. Más allá de las nubes (1995), película de carácter episódico basada en varios relatos suyos y para la que contó con la ayuda del alemán Wim Wenders en la realización de varios interludios, es el décimo sexto y último largometraje dirigido por el italiano. Reconocido por su carrera con el León de Oro en el Festival de Venecia (1983), el Premio de la Academia de Cine Europeo (1993) y el Premio Honorario de la Academia Norteamericana de Cine (1995), entre otros galardones otorgados al conjunto de su filmografía. 
546 |a En italiano, con subtítulos opcionales: español 
586 |a Festival Internacional de Cine de Venecia (25º: 1964): Premio a la Mejor Película (León de Oro) 
649 |a XX 
650 |a Mujeres en el Cine 
650 |a Dramas Cinematográficos 
650 |a Cine Italiano -  |y 1960-1969 
650 |a Cine Italiano -  |y Siglo XX 
650 |a Incomunicación 
650 |a Comunicación Personal 
650 |a Alienación 
650 |a Neurosis 
650 |a Psicopatología 
650 |a Sociedad Postindustrial 
650 |a Rávena, Italia en el Cine 
700 |a Antonioni, Michelangelo  |e (guión) 
700 |a Guerra, Tonino  |e (guión) 
700 |a Palma, Carlo Di  |e (fotógrafo) 
700 |a Magrini, Gitt  |e (vestuario) 
700 |a Roma, Eraldo Da  |e (montaje) 
700 |a Fusco, Giovanni  |e (música) 
700 |a Gelmetti, Vittorio  |e (música) 
700 |a Vitti, Monica  |e (actuación) 
700 |a Harris, Richard  |e (actuación) 
700 |a Chionetti, Carlo  |e (actuación) 
910 |a Fondo General 
920 |a Audiovisuales - DVDs 
940 |a Películas 
905 |a 302 
901 |a 0500183681  |b IT2  |c DVS  |i C117218  |u 20250521 
902 |a https://opac.biblio.iteso.mx/vufind/Record/000312068